000 00611nam a2200217 a 4500
001 000021516
005 20200930011343.0
008 100908s2008 cu 000 0 spa d
020 _a9789591015419
020 _a9789591015433 (t.1)
020 _a9789591015440 (t.2)
040 _aDO-SdBNP
_bspa
_cBNPHU
082 _aCu861.44
_bG216ó
100 1 _aGarcía Marruz, Fina.
_944837
245 1 0 _aObra poética /
_cFina García Marruz.
260 _aLa Habana :
_bLetras Cubanas,
_c2008.
300 _av. 2 ;
_c23 cm.
650 4 _aPoesía cubana
_95226
650 4 _aLiteratura cubana
_91483
049 _aBNGR
999 _c21016
_d21016